Statistics for Largest cities in Germany A-Z

Click here to take the quiz!

General Stats

  • This quiz has been taken 55 times
  • The average score is 15 of 21

Answer Stats

LetterPop. (million)City% Correct
B3.7Berlin
100%
F0.73Frankfurt
100%
H1.8Hamburg
100%
M1.4Munich
100%
C1.1Cologne
96%
D0.61Dusseldorf
96%
E0.58Essen
91%
S0.62Stuttgart
91%
N0.51Nuremberg
89%
L0.56Leipzig
83%
A0.29Augsburg
60%
K0.31Karlsruhe
60%
U0.12Ulm
57%
W0.35Wuppertal
57%
G0.26Gelsenkirchen
51%
P0.17Potsdam
47%
R0.21Rostock
43%
J0.11Jena
38%
T0.11Trier
38%
I0.13Ingolstadt
36%
O0.21Oberhausen
30%

Score Distribution

Percentile by Number Answered

Percent of People with Each Score

Your Score History

You have not taken this quiz